| 000 | 01362 a2200193 4500 | ||
|---|---|---|---|
| 001 | 54784 | ||
| 005 | 20260407155824.0 | ||
| 008 | 260407a1969 arg spa d | ||
| 003 | AR-UNSa-BCEJYS | ||
| 040 |
_aAR-UNSa-BCEJYS _bspa _cAR-UNSa-BCEJYS |
||
| 080 |
_a316 _xSociologĂa |
||
| 245 | 1 | 0 | _aLos padres fundadores de la ciencia social |
| 264 | 1 |
_aBarcelona : _bAnagrama _c1969 |
|
| 300 |
_a235 p. _c20 cm. |
||
| 505 | _a1. Adam Ferguson-Donald G. MacRae - 2. Saint-Simon-Steven Lukes - 3. Auguste Comte-Julius Gould - 4. John Stuart Mill-Alan Ryan - 5. Fréderich Le Play-Ronald Fletcher - 6. Karl Marx-Donald G. MacRade - 7. Friedrich Engels-John Rex - 8. Herbert Spencer-John H. Goldthorpe - 9. Edward Tylor-Godfrey Lienhardt - 10. Charles Booth-T. S. Simey - 11. Georges Sorel-Neil McInnes - 12. Vilfredo Pareto-John H. Goldthorpe - 13. Thorstein Veblen-J. A. Banks - 14. Emile Durkheim-John Rex - 15. Georg Simmel-Anthony Giddens - 16. Beatrice y Sidney Webb-Malcolm Warner - 17. L. T. Hobhouse-Morris Ginsberg - 18. Robert E. Park-Everett C. Hughes - 19. Max Weber-John Rex - 20. A. R. Radcliff-Brown-John Beattie - 21. Bronislaw Malinowski-Audrey Richards - 22. Pitirim Sorokin-F. R. Cowell - 23. Karl Mannheim-Jean Floud - 24. Talcott Parsons-Roland Robertson | ||
| 942 | _cBK | ||
| 590 | _aniveau_biblio:m niveau_hierar:0 | ||
| 100 | 1 | _aRaison, Timothy | |
| 999 |
_c5806 _d5806 |
||